Central Library OPAC University of Rajshahi

Selected literary criticism / (Record no. 21097)

MARC details
000 -LEADER
fixed length control field 00804nam a22002651 4500
001 - CONTROL NUMBER
control field 21097
003 - CONTROL NUMBER IDENTIFIER
rucl marc code BD-RjUL
005 - DATE AND TIME OF LATEST TRANSACTION
control field 20211209000640.0
008 - FIXED-LENGTH DATA ELEMENTS--GENERAL INFORMATION
fixed length control field 140303r19601956enk 001 0 eng
035 ## - SYSTEM CONTROL NUMBER
System control number (BD-RjUL)21161
040 ## - CATALOGING SOURCE
Original cataloging agency DLC
Transcribing agency DLC
Modifying agency BD-RjUL
Language of cataloging eng
041 ## - LANGUAGE CODE
Language code of text/sound track or separate title eng
082 00 - DEWEY DECIMAL CLASSIFICATION NUMBER
Classification number 824.91
Author mark and year LAS 1960
100 1# - MAIN ENTRY--PERSONAL NAME
Personal name Lawrence, D. H.
Fuller form of name (David Herbert),
Dates associated with a name 1885-1930.
9 (RLIN) 65208
245 10 - TITLE STATEMENT
Title Selected literary criticism /
Statement of responsibility, etc. D H Lawrence, edited by Anthony Beal.
260 ## - PUBLICATION, DISTRIBUTION, ETC. (IMPRINT)
Place of publication, distribution, etc. London :
Name of publisher, distributor, etc. Heineman,
Date of publication, distribution, etc. c1856 [reprint 1960].
300 ## - PHYSICAL DESCRIPTION
Pagination xii, 435 p. ;
Size 22 cm.
504 ## - BIBLIOGRAPHY, ETC. NOTE
Bibliography, etc Includes index.
650 #0 - SUBJECT ADDED ENTRY--TOPICAL TERM
Topical term or geographic name as entry element Literature
General subdivision History and criticism.
9 (RLIN) 65209
Topical term or geographic name as entry element Books
General subdivision Reviews.
9 (RLIN) 65210
700 1# - ADDED ENTRY--PERSONAL NAME
Personal name Beal, Anthony
942 ## - ADDED ENTRY ELEMENTS (KOHA)
Source of classification or shelving scheme Dewey Decimal Classification
Koha item type Books
Holdings
Lost status Source of classification or shelving scheme Damaged status Not for loan Collection code Permanent Location Current Location Shelving location Date acquired Source of acquisition Cost, normal purchase price Total Checkouts Full call number Date last seen Copy number Koha item type
  Dewey Decimal Classification     Non-fiction Central Library, University of Rajshahi Central Library, University of Rajshahi   11/04/1964 Zetlinger 30.00   824.91 LAS 1960 03/03/2014 C-2 Books
  Dewey Decimal Classification   Not For Loan Non-fiction Central Library, University of Rajshahi Central Library, University of Rajshahi Reading Room 16/11/1957 Oxford University Press. 7.10   824.91 LAS 1955 18/11/2020 C-1 Books